000
00211nam a22000977a 4500
082
_a
425
245
_a
108 MODEL LETTERS
246
_a
108 MODEL LETTERS
_b
108 MODEL LETTERS
650
_a
ENGLISH GRAMMAR
942
_c
BK
999
_c
8865
_d
8865